ბათუმის შოთა რუსთაველის სახელმწიფო უნივერსიტეტის ბიბლიოთეკა

Химия жиров. (ბიბ.ჩანაწერი № 40409)

000 -LEADER
fixed length control field 00629nam a2200229Ia 4500
001 - CONTROL NUMBER
control field 7017
003 - CONTROL NUMBER IDENTIFIER
control field GE_BSU
008 - FIXED-LENGTH DATA ELEMENTS--GENERAL INFORMATION
fixed length control field 181216s||||||||xx |||||||||||||| ||und||
040 ## - CATALOGING SOURCE
Transcribing agency GE_BSU
080 ## - UNIVERSAL DECIMAL CLASSIFICATION NUMBER
Universal Decimal Classification number 665.1/.3(075.32):66
100 ## - MAIN ENTRY--PERSONAL NAME
Personal name Беззубов,Л.П.
245 ## - TITLE STATEMENT
Title Химия жиров.
245 ## - TITLE STATEMENT
Remainder of title Учебник.
245 ## - TITLE STATEMENT
Statement of responsibility, etc. Ред.ЛС.Беликова.
250 ## - EDITION STATEMENT
Edition statement Изд. второе, перераб. и дополненное.
260 ## - PUBLICATION, DISTRIBUTION, ETC.
Place of publication, distribution, etc. М.
260 ## - PUBLICATION, DISTRIBUTION, ETC.
Name of publisher, distributor, etc. Пищепромиздат.
260 ## - PUBLICATION, DISTRIBUTION, ETC.
Date of publication, distribution, etc. 1962.
300 ## - PHYSICAL DESCRIPTION
Extent 308стр.22см.с илл.
653 ## - INDEX TERM--UNCONTROLLED
Uncontrolled term Химия жиров.
942 ## - ADDED ENTRY ELEMENTS (KOHA)
Koha item type წიგნი
ეგზემპლარები
Withdrawn status Lost status Damaged status Not for loan Date acquired Barcode Date last seen Price effective from Koha item type
        2018-12-17 12111 2018-12-17 2018-12-17 წიგნი